[Event "12. Lichtenberger Sommer"]
[Site "Berlin"]
[Date "2013.08.18"]
[Round "2.1"]
[White "Zschäbitz, Klaus"]
[Black "Meister, Jakob"]
[Result "0-1"]
[WhiteElo "2024"]
[BlackElo "2517"]
[PlyCount "100"]
[EventDate "2013.??.??"]
[WhiteTeam "BSG 1827 Eckbauer e.V."]
[BlackTeam "SK Zehlendorf e.V."]

1. c4 e5 2. g3 c6 3. d4 e4 4. Bg2 d5 5. Nc3 Bb4 6. Qb3 Ba5 7. cxd5 cxd5 8. Bf4
Nc6 9. Rd1 Nge7 10. Bc1 Bb6 11. e3 Bg4 12. f3 exf3 13. Nxf3 O-O 14. O-O h6 15.
Rde1 Qd6 16. Qd1 Rad8 17. Na4 Ba5 18. Bd2 Bc7 19. Nc5 Bc8 20. Nd3 Ng6 21. b4 a6
22. a4 Nce7 23. Nfe5 Nxe5 24. Nxe5 Bf5 25. Qh5 Qe6 26. g4 Be4 27. Rc1 Bxg2 28.
Kxg2 Bxe5 29. dxe5 d4 30. e4 Rc8 31. h3 Rxc1 32. Rxc1 Qa2 33. Rd1 Qc2 34. g5
Qxe4+ 35. Qf3 Qg6 36. Kh2 hxg5 37. Qxb7 Qc2 38. Qf3 Ng6 39. Kh1 Nxe5 40. Qf1
Qxa4 41. Bxg5 Qxb4 42. Qxa6 d3 43. Qa2 Rc8 44. Qg2 Rc2 45. Qd5 Qc4 46. Qxc4
Rxc4 47. Kg2 f6 48. Bc1 Rc2+ 49. Kg3 Nc4 50. Bf4 Nb2 0-1

[Event "12. Lichtenberger Sommer"]
[Site "Berlin"]
[Date "2013.08.18"]
[Round "2.2"]
[White "Rabiega, Robert"]
[Black "Poseck, Steffen"]
[Result "1-0"]
[WhiteElo "2506"]
[BlackElo "2044"]
[PlyCount "37"]
[EventDate "2013.??.??"]
[WhiteTeam "SK König Tegel 1949 e.V."]
[BlackTeam "BSV 63 Chemie Weißensee"]

1. e4 d5 2. exd5 Qxd5 3. Nc3 Qe5+ 4. Nge2 c6 5. d4 Qc7 6. Bf4 Qd8 7. d5 Bd7 8.
Qd2 Nf6 9. O-O-O cxd5 10. Nxd5 Nxd5 11. Qxd5 Nc6 12. Nc3 e6 13. Qf3 Be7 14. Qg3
g6 15. Bc7 Qc8 16. h4 f5 17. Bc4 O-O 18. Rhe1 Bf6 19. Rxd7 1-0

[Event "12. Lichtenberger Sommer"]
[Site "Berlin"]
[Date "2013.08.18"]
[Round "2.4"]
[White "Kalinitschew, Sergey"]
[Black "Witte, Ronald"]
[Result "0-1"]
[WhiteElo "2442"]
[BlackElo "2040"]
[PlyCount "75"]
[EventDate "2013.??.??"]
[WhiteTeam "SC Kreuzberg e.V."]
[BlackTeam "BSV 63 Chemie Weißensee"]

1. c4 e6 2. Nc3 d5 3. d4 Nf6 4. cxd5 exd5 5. Bg5 c6 6. e3 Be7 7. Qc2 Nbd7 8.
Bd3 Nh5 9. Bxe7 Qxe7 10. Nge2 Nb6 11. h3 g6 12. g4 Ng7 13. O-O-O f5 14. Rdg1
Be6 15. Nf4 Rf8 16. g5 O-O-O 17. h4 Bf7 18. h5 Ne6 19. Nce2 Nxf4 20. Nxf4 Kb8
21. hxg6 hxg6 22. Rh7 Qe8 23. Rgh1 Rg8 24. Kb1 Nc8 25. Be2 Nd6 26. Nd3 Rd7 27.
Ne5 Rc7 28. f4 Ne4 29. Bd3 Qf8 30. Bxe4 dxe4 31. Qc5 Qxc5 32. dxc5 Be8 33. Rxc7
Kxc7 34. Rh7+ Kb8 35. Nc4 b6 36. Nd6 bxc5 37. Rb7+ Ka8 38. Re7 0-1

[Event "12. Lichtenberger Sommer"]
[Site "Berlin"]
[Date "2013.08.18"]
[Round "2.5"]
[White "Ross, Chris N"]
[Black "Keusch, Horst"]
[Result "1-0"]
[WhiteElo "2240"]
[BlackElo "2021"]
[PlyCount "74"]
[EventDate "2013.??.??"]
[WhiteTeam "Schachgemeinschaft Niederkassel"]
[BlackTeam "SC Friesen Lichtenberg e.V."]

1. d4 f5 2. g3 Nf6 3. Bg2 g6 4. Nf3 Bg7 5. c4 O-O 6. Nc3 d6 7. O-O c6 8. Re1
Ne4 9. Qc2 d5 10. Bf4 e6 11. Rad1 Nd7 12. Ne5 Nxe5 13. Bxe5 Nxc3 14. Qxc3 Bxe5
15. dxe5 Bd7 16. f3 Qb6+ 17. Kh1 Rf7 18. e4 fxe4 19. fxe4 dxc4 20. Bh3 Re8 21.
Qxc4 Kg7 22. b4 a5 23. a3 axb4 24. axb4 Qa7 25. Rf1 Rxf1+ 26. Qxf1 b5 27. Qf6+
Kg8 28. Bg4 Bc8 29. Rd8 Qa1+ 30. Kg2 Rxd8 31. Qxd8+ Kg7 32. Qxc8 h5 33. Bxe6
Qxe5 34. Qg8+ Kh6 35. Qf8+ Kh7 36. Bg8+ Kh8 37. Bf7+ Kh7 1-0

[Event "12. Lichtenberger Sommer"]
[Site "Berlin"]
[Date "2013.08.18"]
[Round "2.6"]
[White "Peschke, Uwe"]
[Black "Von Herman, Ulf"]
[Result "0-1"]
[WhiteElo "2046"]
[BlackElo "2392"]
[PlyCount "46"]
[EventDate "2013.??.??"]
[WhiteTeam "SC Empor Potsdam 1952 e.V."]
[BlackTeam "SK König Tegel 1949 e.V."]

1. Nf3 c5 2. g3 g6 3. Bg2 Bg7 4. c4 Nc6 5. Nc3 d6 6. O-O Bd7 7. d3 a6 8. e4 Rb8
9. Be3 Nd4 10. Qd2 Bg4 11. Nh4 b5 12. h3 Be6 13. f4 Qd7 14. f5 gxf5 15. exf5
Nxf5 16. Nxf5 Bxf5 17. Rxf5 Qxf5 18. Bc6+ Kf8 19. g4 Qc8 20. Bg2 bxc4 21. dxc4
Qe6 22. Rf1 Qxe3+ 23. Qxe3 Bd4 0-1

[Event "12. Lichtenberger Sommer"]
[Site "Berlin"]
[Date "2013.08.18"]
[Round "2.7"]
[White "Shapiro, Yosip"]
[Black "Brüdigam, Martin"]
[Result "0-1"]
[WhiteElo "2112"]
[BlackElo "2312"]
[PlyCount "106"]
[EventDate "2013.??.??"]
[WhiteTeam "SV Berolina Mitte e.V."]
[BlackTeam "USV Potsdam e.V., Abt. Schach"]

1. Nf3 Nf6 2. c4 g6 3. Nc3 d5 4. cxd5 Nxd5 5. g3 Bg7 6. Bg2 O-O 7. O-O Nc6 8.
Qb3 Nb6 9. d3 Bg4 10. Be3 e5 11. Ne4 Bxf3 12. Bxf3 Nd4 13. Bxd4 Qxd4 14. e3 Qd8
15. Nc5 Rb8 16. a4 c6 17. a5 Nd7 18. Nxb7 Qf6 19. Be4 Nc5 20. Nxc5 Rxb3 21.
Nxb3 Rb8 22. Nd2 Rxb2 23. Nc4 Rb4 24. a6 Bf8 25. Na5 Rb6 26. Nc4 Rb5 27. Na5
Rb6 28. Nc4 Rb4 29. Na5 c5 30. Bb7 Rb6 31. Nc4 Rb3 32. Rfd1 h5 33. Na5 Rb2 34.
Rf1 Rb6 35. Nc4 Rb3 36. Ra3 Rb4 37. Na5 Rb6 38. Nc4 Rb4 39. Ra2 h4 40. f4 exf4
41. Rxf4 Qd8 42. Ne5 hxg3 43. hxg3 Qg5 44. Nc4 Qxg3+ 45. Rg2 Rb1+ 46. Rf1 Rxf1+
47. Kxf1 Qh3 48. Ke2 Bh6 49. Rf2 Kg7 50. Rf3 Qe6 51. e4 f6 52. Kf2 Bg5 53. Rg3
Bh4 0-1

[Event "12. Lichtenberger Sommer"]
[Site "Berlin"]
[Date "2013.08.18"]
[Round "2.8"]
[White "Giemsa, Stephan"]
[Black "Jaeger, Andre"]
[Result "1/2-1/2"]
[WhiteElo "2312"]
[BlackElo "2005"]
[PlyCount "53"]
[EventDate "2013.??.??"]
[WhiteTeam "SK König Tegel 1949 e.V."]
[BlackTeam "SC Rochade e.V."]

1. d4 Nf6 2. c4 d6 3. Nc3 Nbd7 4. e4 e5 5. d5 Nc5 6. Qc2 a5 7. h3 g6 8. Bg5 Bg7
9. Nf3 h6 10. Be3 b6 11. Be2 Bd7 12. Nd2 O-O 13. g4 Kh7 14. g5 Ng8 15. gxh6
Bxh6 16. Bxh6 Nxh6 17. O-O-O Qg5 18. h4 Qf4 19. Kb1 Ng4 20. Bxg4 Bxg4 21. f3
Bh5 22. Ne2 Qe3 23. Ng3 Qd3 24. Rdg1 Rg8 25. Rh2 Raf8 26. Rhg2 f6 27. b3
1/2-1/2

[Event "12. Lichtenberger Sommer"]
[Site "Berlin"]
[Date "2013.08.18"]
[Round "2.9"]
[White "Flick, Antoine"]
[Black "Petersen, Soren Boeck"]
[Result "0-1"]
[WhiteElo "1954"]
[BlackElo "2247"]
[PlyCount "86"]
[EventDate "2013.??.??"]
[WhiteTeam "Philidor Mulhouse"]
[BlackTeam "Damhus Skakklub"]

1. d4 d5 2. Nf3 Nf6 3. g3 e6 4. Bg2 b5 5. a4 b4 6. c4 bxc3 7. bxc3 Nbd7 8. c4
Ba6 9. Nbd2 Be7 10. O-O O-O 11. Bb2 Rb8 12. Rb1 c5 13. dxc5 Nxc5 14. Ne5 Qc7
15. Qc2 Rfc8 16. Rfc1 Qa5 17. Bc3 Qxa4 18. Rxb8 Rxb8 19. Qxa4 Nxa4 20. Nc6 Nxc3
21. Nxe7+ Kf8 22. Rxc3 Kxe7 23. cxd5 exd5 24. Rc7+ Ke8 25. Rxa7 Bxe2 26. Ra3
Kd7 27. Bf3 Bc4 28. Rc3 Bb5 29. Nb3 Kd6 30. Kg2 Bc4 31. Nd2 Rb4 32. Bd1 Kc5 33.
Nb3+ Rxb3 34. Rxb3 Bxb3 35. Bxb3 Kb4 36. Bd1 Kc3 37. Kf3 Ne4 38. Ke3 Nd6 39.
Bf3 d4+ 40. Ke2 Kc2 41. Ke1 d3 42. Bd1+ Kc1 43. Bb3 Ne4 0-1

[Event "12. Lichtenberger Sommer"]
[Site "Berlin"]
[Date "2013.08.18"]
[Round "2.12"]
[White "Moritz, Aron"]
[Black "Bernasconi, Roberto"]
[Result "1-0"]
[WhiteElo "2193"]
[BlackElo "1931"]
[PlyCount "53"]
[EventDate "2013.??.??"]
[WhiteTeam "Sfrd. Berlin 1903 e.V."]
[BlackTeam "C.S. Scacco Matto Como"]

1. e4 e5 2. Nf3 Nf6 3. Nxe5 d6 4. Nf3 Nxe4 5. d4 d5 6. Bd3 Be7 7. O-O Nc6 8. c4
Nf6 9. Re1 O-O 10. Nc3 Be6 11. c5 Nb4 12. Bb1 Re8 13. h3 a5 14. a3 Na6 15. Ne5
Nb8 16. Qd3 g6 17. g4 Nfd7 18. Nxg6 hxg6 19. Rxe6 Nf8 20. Re2 c6 21. Bc2 Nbd7
22. Bf4 Nf6 23. Rae1 Qd7 24. Be5 N8h7 25. Na4 Qd8 26. Qe3 Bf8 27. Nb6 1-0

[Event "12. Lichtenberger Sommer"]
[Site "Berlin"]
[Date "2013.08.18"]
[Round "2.13"]
[White "Kupfer, Michael"]
[Black "Boetzer, Detlef"]
[Result "1-0"]
[WhiteElo "2018"]
[BlackElo "2275"]
[PlyCount "85"]
[EventDate "2013.??.??"]
[WhiteTeam "SC Friesen Lichtenberg e.V."]
[BlackTeam "SC Rotation Pankow e.V."]

1. e4 e6 2. d4 d5 3. Nd2 c5 4. c3 Nc6 5. Ngf3 Nf6 6. Bd3 cxd4 7. cxd4 dxe4 8.
Nxe4 Be7 9. O-O O-O 10. Nc3 b6 11. a3 Bb7 12. Bc2 Rc8 13. Qd3 Re8 14. Re1 Nb8
15. Ne5 Nbd7 16. Qh3 Nf8 17. Ba4 Qxd4 18. Bxe8 Rxe8 19. Bg5 Ne4 20. Nxe4 Bxe4
21. Bxe7 Rxe7 22. Qh4 Qxe5 23. Qxe7 Qf5 24. Qh4 Bd5 25. Rac1 g5 26. Qh6 Qg4 27.
Qh3 Qxh3 28. gxh3 Ng6 29. Red1 Nf4 30. Rxd5 Nxd5 31. b4 Kg7 32. Rc8 Kf6 33. Ra8
Nf4 34. Rxa7 Nxh3+ 35. Kf1 Nf4 36. a4 Nd5 37. Rb7 Ke5 38. a5 Nxb4 39. Rxb6 Nd5
40. Rb7 Kd6 41. Rxf7 h5 42. a6 Kc6 43. a7 1-0

[Event "12. Lichtenberger Sommer"]
[Site "Berlin"]
[Date "2013.08.18"]
[Round "2.14"]
[White "Rietze, Clemens"]
[Black "Giannino, Domenico"]
[Result "1/2-1/2"]
[WhiteElo "2273"]
[BlackElo "1989"]
[PlyCount "108"]
[EventDate "2013.??.??"]
[WhiteTeam "USV Potsdam e.V., Abt. Schach"]
[BlackTeam "Spgem Kötz/Ichenhausen"]

1. e4 e5 2. Nf3 Nc6 3. Bc4 Bc5 4. b4 Bxb4 5. c3 Ba5 6. d4 exd4 7. O-O d6 8. Qb3
Qe7 9. cxd4 Bb6 10. Qc3 Nf6 11. Nbd2 O-O 12. e5 dxe5 13. dxe5 Nd7 14. e6 fxe6
15. Ne4 Nc5 16. Qc2 Nxe4 17. Qxe4 Qf6 18. Ba3 Re8 19. Rad1 Kh8 20. Bd3 g6 21.
Bb5 e5 22. Bxc6 bxc6 23. Bb2 Bf5 24. Qa4 Kg8 25. Rfe1 Rad8 26. Bxe5 Rxd1 27.
Qxd1 Qf7 28. Qa4 Qd5 29. h3 Be6 30. Qh4 Rf8 31. Kh2 Qd7 32. Re2 Bd5 33. Bg3 Bc5
34. Ne5 Qg7 35. Nxc6 Bxc6 36. Qc4+ Qf7 37. Qxc5 Qd5 38. Qxd5+ Bxd5 39. Bxc7 Kf7
40. f4 h5 41. Kg3 Rc8 42. Bd6 Re8 43. Rc2 Ke6 44. Re2+ Kd7 45. Be5 a6 46. Kh4
Re6 47. Kg5 Ke7 48. f5 gxf5 49. Kxf5 Kf7 50. Rd2 Bc6 51. g3 Re7 52. Kf4 Bd7 53.
Bd6 Re1 54. Kg5 Bxh3 1/2-1/2

[Event "12. Lichtenberger Sommer"]
[Site "Berlin"]
[Date "2013.08.18"]
[Round "2.15"]
[White "Kay, Jonathan"]
[Black "Vogel, Robert"]
[Result "0-1"]
[WhiteElo "1953"]
[BlackElo "2256"]
[PlyCount "100"]
[EventDate "2013.??.??"]
[WhiteTeam "Athenaeum Chess Club London"]
[BlackTeam "SG Pang-Rosenheim 1910 e.V."]

1. d4 Nf6 2. Bf4 g6 3. Nf3 Bg7 4. Nc3 O-O 5. e4 d6 6. Be2 Nc6 7. Qd2 a6 8. h3
b5 9. a3 Bb7 10. b4 e5 11. dxe5 dxe5 12. Bg5 Qxd2+ 13. Nxd2 Nd4 14. Bd3 c5 15.
bxc5 Rac8 16. Nb3 Nxb3 17. cxb3 Rxc5 18. Bd2 Rd8 19. Ke2 Nh5 20. Rac1 Nf4+ 21.
Bxf4 exf4 22. Na2 Rg5 23. Rc7 Ba8 24. Rhc1 Re5 25. Rc8 Ree8 26. Rxd8 Rxd8 27.
Nc3 Rc8 28. Na2 Rxc1 29. Nxc1 Bb2 30. Kd2 Bxa3 31. f3 Bd6 32. Kc3 Kf8 33. Kd4
Ke7 34. Ne2 f6 35. Nc1 Kd7 36. Ne2 Kc6 37. Kc3 Be5+ 38. Kb4 Kb6 39. Ka3 a5 40.
Ka2 Kc5 41. Ka3 Bc6 42. Bc2 Bd7 43. Bd1 Be6 44. Bc2 b4+ 45. Ka2 a4 46. Nc1 Kd4
47. Kb1 a3 48. Nd3 Bd6 49. Nf2 Kc3 50. Nd1+ Kd2 0-1

[Event "12. Lichtenberger Sommer"]
[Site "Berlin"]
[Date "2013.08.18"]
[Round "2.16"]
[White "Schmidt, Jürgen"]
[Black "Reichenbach, Werner"]
[Result "0-1"]
[WhiteElo "2024"]
[BlackElo "2279"]
[PlyCount "76"]
[EventDate "2013.??.??"]
[WhiteTeam "SC Kreuzberg e.V."]
[BlackTeam "Schachclub Oberkrämer"]

1. e4 e6 2. d4 d5 3. Nc3 Nf6 4. exd5 exd5 5. Nf3 Be7 6. Bd3 O-O 7. O-O Bg4 8.
h3 Bh5 9. g4 Bg6 10. Ne5 Bxd3 11. Qxd3 c6 12. Bg5 Ne8 13. Bxe7 Qxe7 14. Rae1
Qd6 15. Ne2 f6 16. Nf3 Nd7 17. Ng3 g6 18. Qd2 Ng7 19. g5 fxg5 20. Nxg5 h6 21.
N5e4 dxe4 22. Qxh6 Nf5 23. Nxf5 Rxf5 24. Rxe4 Rh5 25. Qe3 Nf8 26. f4 Qd7 27.
Rf3 Rd8 28. c3 Qd5 29. b3 b5 30. Re5 Rxe5 31. fxe5 Rd7 32. Rf6 c5 33. e6 Re7
34. Qh6 Nxe6 35. Rxg6+ Rg7 36. Rxg7+ Nxg7 37. Qe3 cxd4 38. cxd4 Ne6 0-1

[Event "12. Lichtenberger Sommer"]
[Site "Berlin"]
[Date "2013.08.18"]
[Round "2.17"]
[White "Kather, Yannick"]
[Black "Schneider, Christian"]
[Result "0-1"]
[WhiteElo "1943"]
[BlackElo "2221"]
[PlyCount "90"]
[EventDate "2013.??.??"]
[WhiteTeam "SC Weisse Dame e.V."]
[BlackTeam "SG Blau-Weiß Stadtilm"]

1. e4 c6 2. d4 d5 3. Nc3 dxe4 4. Nxe4 Nd7 5. Nf3 Ngf6 6. Ng3 e6 7. Bd3 Bd6 8.
O-O O-O 9. b3 Qc7 10. Bb2 b6 11. Re1 Bb7 12. c4 Rad8 13. Qc2 h6 14. Rad1 c5 15.
Ne4 Be7 16. d5 exd5 17. Nc3 dxc4 18. Rxe7 Bxf3 19. Be2 cxb3 20. axb3 Bxe2 21.
Qxe2 Qc6 22. Nb5 a6 23. Na7 Qa8 24. Qxa6 Nd5 25. Ree1 Nf4 26. f3 Rde8 27. Qa4
Rxe1+ 28. Rxe1 Nd3 29. Qxd7 Nxe1 30. Nc6 Qe8 31. Ne7+ Kh7 32. Qf5+ Kh8 33. Qe5
f6 34. Qxe1 Qf7 35. Nf5 Qxb3 36. Qe7 Rg8 37. Qe2 Qf7 38. Qb5 Qd5 39. Ne7 Qd1+
40. Kf2 Qd2+ 41. Kf1 Rd8 42. Nf5 Qd1+ 43. Kf2 Qc2+ 44. Kg3 Qxf5 45. Qxb6 Rd2
0-1

[Event "12. Lichtenberger Sommer"]
[Site "Berlin"]
[Date "2013.08.18"]
[Round "2.19"]
[White "Lerch, Philipp"]
[Black "Merz, Rüdiger"]
[Result "1-0"]
[WhiteElo "2152"]
[BlackElo "1900"]
[PlyCount "69"]
[EventDate "2013.??.??"]
[WhiteTeam "SK König Tegel 1949 e.V."]
[BlackTeam "SK Zehlendorf e.V."]

1. e4 c5 2. Nf3 d6 3. Nc3 a6 4. d4 cxd4 5. Nxd4 Nf6 6. Bg5 e6 7. f4 Qb6 8. Nb3
Be7 9. Qf3 Qc7 10. O-O-O h6 11. Bh4 Nc6 12. g4 b5 13. e5 dxe5 14. fxe5 Nd7 15.
Bxe7 Kxe7 16. Bg2 Ndxe5 17. Qg3 Ra7 18. Rhe1 f6 19. h4 Rd8 20. Rxd8 Qxd8 21. g5
hxg5 22. hxg5 Kf7 23. gxf6 gxf6 24. Bxc6 Nxc6 25. Rg1 Qf8 26. Ne4 Rd7 27. Qc3
Qh6+ 28. Kb1 Ne7 29. Rf1 f5 30. Nbc5 Rc7 31. Nd6+ Kg8 32. Rg1+ Ng6 33. Qf6 Rg7
34. Nxc8 Qe3 35. Ne7+ 1-0

[Event "12. Lichtenberger Sommer"]
[Site "Berlin"]
[Date "2013.08.18"]
[Round "2.21"]
[White "Richter, Götz"]
[Black "Frübing, Thomas"]
[Result "1/2-1/2"]
[WhiteElo "2003"]
[BlackElo "2166"]
[PlyCount "73"]
[EventDate "2013.??.??"]
[WhiteTeam "Klub Kölner Schachfreunde e.V. 1"]
[BlackTeam "SF Friedrichshagen"]

1. e4 e6 2. d4 d5 3. Nc3 Bb4 4. e5 c5 5. Bd2 Ne7 6. Nb5 Bxd2+ 7. Qxd2 Nbc6 8.
c3 O-O 9. Nf3 a6 10. Na3 cxd4 11. cxd4 f6 12. exf6 Rxf6 13. Nc2 Qd6 14. Bd3 e5
15. dxe5 Nxe5 16. Be2 Bg4 17. Nfd4 Raf8 18. f3 Bf5 19. Ne3 Bg6 20. Rc1 Qb6 21.
O-O Rf4 22. Rfd1 N5c6 23. Ne6 Rb4 24. Nxf8 Rxb2 25. Nd7 Rxd2 26. Nxb6 Rxe2 27.
Nexd5 Nf5 28. a3 Ra2 29. Rc3 Nfd4 30. Nf4 Bf5 31. g4 g5 32. gxf5 gxf4 33. Rcd3
Nxf5 34. Nd5 Ne5 35. Rc3 Ne3 36. Nxe3 Nxf3+ 37. Kf1 1/2-1/2

[Event "12. Lichtenberger Sommer"]
[Site "Berlin"]
[Date "2013.08.18"]
[Round "2.22"]
[White "Höckendorf, Hartmut"]
[Black "Pronobis, Wiktor"]
[Result "0-1"]
[WhiteElo "2194"]
[BlackElo "1892"]
[PlyCount "54"]
[EventDate "2013.??.??"]
[WhiteTeam "BSG Pneumant Fürstenwalde e.V."]
[BlackTeam "SC Weisse Dame e.V."]

1. e4 Nf6 2. Nc3 e5 3. f4 d5 4. fxe5 Nxe4 5. d3 Qh4+ 6. g3 Nxg3 7. Nf3 Qh5 8.
Nxd5 Nxh1 9. Nxc7+ Kd8 10. Nxa8 Be7 11. Bg2 Bh4+ 12. Kf1 Nc6 13. Qd2 f6 14. Qf4
Bg5 15. Qe4 Nxe5 16. Qd5+ Bd7 17. Bxg5 Ng4 18. Bxh1 Ne3+ 19. Bxe3 Qxd5 20. Bxa7
Bh3+ 21. Kf2 Qh5 22. Re1 Re8 23. Rxe8+ Kxe8 24. Nd4 Qh4+ 25. Kf3 Bg4+ 26. Ke3
Qe1+ 27. Kf4 h5 0-1

[Event "12. Lichtenberger Sommer"]
[Site "Berlin"]
[Date "2013.08.18"]
[Round "2.23"]
[White "Ciolek, Andreas"]
[Black "Hermannsdörfer, Frank"]
[Result "0-1"]
[WhiteElo "1888"]
[BlackElo "2228"]
[PlyCount "68"]
[EventDate "2013.??.??"]
[WhiteTeam "SK Singen"]
[BlackTeam "SV 1861 Liebschwitz"]

1. d4 d6 2. c4 e5 3. dxe5 dxe5 4. Qxd8+ Kxd8 5. Nf3 f6 6. Nc3 Be6 7. e3 c6 8.
Be2 Nd7 9. O-O Nh6 10. Rd1 Kc7 11. b3 Bb4 12. Bb2 Nc5 13. Nd2 Rhd8 14. a3 Rxd2
15. Rxd2 Bxc3 16. Bxc3 Nxb3 17. Rb1 Nxd2 18. Bxd2 Rd8 19. Bb4 Bf5 20. Rd1 Re8
21. Rd2 Nf7 22. c5 Be6 23. Rb2 b6 24. Rc2 Bd5 25. f3 e4 26. f4 Nd8 27. Bg4 Nb7
28. cxb6+ axb6 29. Bc3 Nd6 30. Kf2 Nc4 31. Bb2 Nxb2 32. Rxb2 Ra8 33. Rb4 c5 34.
Rb2 Rxa3 0-1

[Event "12. Lichtenberger Sommer"]
[Site "Berlin"]
[Date "2013.08.18"]
[Round "2.25"]
[White "McGowan, Daniel"]
[Black "Kutschke, Jens"]
[Result "1-0"]
[WhiteElo "2116"]
[BlackElo "1891"]
[PlyCount "95"]
[EventDate "2013.??.??"]
[WhiteTeam "Sfrd. Berlin 1903 e.V."]
[BlackTeam "Sfrd. Berlin 1903 e.V."]

1. e4 e6 2. d4 d5 3. Bd3 c5 4. dxc5 dxe4 5. Bb5+ Bd7 6. Qe2 Bxc5 7. Bxd7+ Qxd7
8. Nc3 f5 9. Nxe4 Bb4+ 10. Bd2 Bxd2+ 11. Nxd2 Nf6 12. Ngf3 O-O 13. O-O Nc6 14.
Rad1 Rae8 15. Rfe1 e5 16. Ne4 Qe6 17. Nd6 Re7 18. b3 h6 19. Qc4 Qxc4 20. Nxc4
e4 21. Nh4 Rd7 22. Nxf5 Rfd8 23. Rxd7 Rxd7 24. a4 a6 25. h3 b5 26. axb5 axb5
27. Nce3 Nb4 28. Ra1 Kh7 29. Ra5 g6 30. Rxb5 Nxc2 31. Nxc2 gxf5 32. Rxf5 Kg6
33. Ne3 Rb7 34. b4 Ne8 35. Re5 Nf6 36. Re6 Kf7 37. Rc6 h5 38. g4 hxg4 39. hxg4
Nxg4 40. Nxg4 Rxb4 41. Ne3 Rb5 42. Rc4 Re5 43. Kg2 Kg6 44. Kg3 Kg5 45. Rc8 Re6
46. Rg8+ Kf6 47. Kf4 Kf7 48. Rg5 1-0

[Event "12. Lichtenberger Sommer"]
[Site "Berlin"]
[Date "2013.08.18"]
[Round "2.26"]
[White "Khorolskyi, Borys"]
[Black "Eichler, Jan-Christoph"]
[Result "1/2-1/2"]
[WhiteElo "2100"]
[BlackElo "2012"]
[PlyCount "46"]
[EventDate "2013.??.??"]
[WhiteTeam "vereinslos"]
[BlackTeam "Schachclub Oranienburg e.V."]

1. Nf3 Nf6 2. g3 g6 3. Bg2 Bg7 4. O-O O-O 5. d4 d5 6. c4 dxc4 7. Na3 c3 8. bxc3
c5 9. Nc4 Nc6 10. Ba3 Ne4 11. Rc1 Bf5 12. Nfe5 Nxe5 13. Nxe5 Bxe5 14. dxe5 Qa5
15. Bxe4 Bxe4 16. Qb3 Rfd8 17. Rfd1 Qc7 18. Qc4 Qxe5 19. Qxc5 Qxc5 20. Bxc5 Kf8
21. f3 Bc6 22. Kf2 b6 23. Ba3 Ke8 1/2-1/2

[Event "12. Lichtenberger Sommer"]
[Site "Berlin"]
[Date "2013.08.18"]
[Round "2.27"]
[White "Kühnemund, Lutz"]
[Black "Sawlin, Leonid"]
[Result "0-1"]
[WhiteElo "2044"]
[BlackElo "2021"]
[PlyCount "54"]
[EventDate "2013.??.??"]
[WhiteTeam "SC Friesen Lichtenberg e.V."]
[BlackTeam "TuS Makkabi Berlin e.V."]

1. b4 e5 2. Bb2 Bxb4 3. Bxe5 Nf6 4. e3 O-O 5. Nf3 b6 6. c4 Bb7 7. Be2 d5 8.
cxd5 Nxd5 9. O-O Nd7 10. Bb2 Qe7 11. Re1 Rfe8 12. Qc2 Bd6 13. Qf5 Nb4 14. Na3
f6 15. Rec1 Nc5 16. Nc4 Be4 17. Qh5 Nbd3 18. Nxd6 Qxd6 19. Ba3 Nxc1 20. Rxc1
Bg6 21. Bc4+ Ne6 22. Qh3 Qxa3 23. Bxe6+ Kh8 24. Rxc7 Qb2 25. g3 Qb1+ 26. Kg2
Bd3 27. Ne5 fxe5 0-1

[Event "12. Lichtenberger Sommer"]
[Site "Berlin"]
[Date "2013.08.18"]
[Round "2.28"]
[White "Kropman, Alexei"]
[Black "Engesser, Jonas"]
[Result "1-0"]
[WhiteElo "2085"]
[BlackElo "1824"]
[PlyCount "43"]
[EventDate "2013.??.??"]
[WhiteTeam "SK König Tegel 1949 e.V."]
[BlackTeam "SK Engen"]

1. e4 c5 2. Nf3 d6 3. d4 cxd4 4. Nxd4 Nf6 5. Nc3 a6 6. Bg5 e6 7. f4 h6 8. Bh4
Be7 9. Qf3 Nbd7 10. O-O-O Qc7 11. Bd3 g5 12. e5 dxe5 13. Nxe6 fxe6 14. Bg6+ Kf8
15. fxg5 hxg5 16. Bxg5 Kg7 17. Qg3 Rg8 18. Rhf1 b5 19. Be4 Nxe4 20. Nxe4 Nf8
21. Bxe7+ Ng6 22. Bf6+ 1-0

[Event "12. Lichtenberger Sommer"]
[Site "Berlin"]
[Date "2013.08.18"]
[Round "2.29"]
[White "Rauhut, Frank"]
[Black "Krefenstein, Sergej"]
[Result "0-1"]
[WhiteElo "1993"]
[BlackElo "2101"]
[PlyCount "46"]
[EventDate "2013.??.??"]
[WhiteTeam "SV Jenapharm Jena"]
[BlackTeam "TuS Makkabi Berlin e.V."]

1. d4 Nf6 2. c4 c5 3. d5 b5 4. cxb5 a6 5. b6 Qxb6 6. Nc3 g6 7. e4 d6 8. Be2 Bg7
9. Nf3 Nbd7 10. O-O O-O 11. Nd2 Ne5 12. Kh1 g5 13. Nf3 Nxf3 14. gxf3 h6 15. Rg1
Kh8 16. f4 gxf4 17. Qd2 Bd7 18. Qxf4 Rg8 19. Qh4 c4 20. Bxc4 Ng4 21. Rxg4 Bxg4
22. Bxh6 Bf3+ 23. Kg1 Bxh6+ 0-1

[Event "12. Lichtenberger Sommer"]
[Site "Berlin"]
[Date "2013.08.18"]
[Round "2.30"]
[White "Mahn, Franko"]
[Black "Guzzetti, Luigi Enrico"]
[Result "1-0"]
[WhiteElo "2172"]
[BlackElo "1873"]
[PlyCount "65"]
[EventDate "2013.??.??"]
[WhiteTeam "SC Weisse Dame e.V."]
[BlackTeam "C.S. Scacco Matto Como"]

1. d4 Nf6 2. c4 g6 3. Nc3 Bg7 4. e4 d6 5. f4 c5 6. d5 O-O 7. Nf3 Bg4 8. Bd3 e6
9. O-O exd5 10. cxd5 Nbd7 11. h3 Bxf3 12. Qxf3 a6 13. a4 Rc8 14. Be3 h5 15.
Rad1 Re8 16. g4 hxg4 17. hxg4 Qe7 18. g5 Nh5 19. Rd2 f6 20. gxf6 Qxf6 21. Rg2
Nf8 22. e5 dxe5 23. Ne4 Qe7 24. d6 Qe6 25. Ng5 Qxd6 26. Bc4+ Ne6 27. Nxe6 Rxe6
28. f5 gxf5 29. Qxh5 f4 30. Qg6 Rc7 31. Qe8+ Kh7 32. Bxe6 Qf8 33. Qg6+ 1-0

[Event "12. Lichtenberger Sommer"]
[Site "Berlin"]
[Date "2013.08.18"]
[Round "2.31"]
[White "Bieg, Pascal"]
[Black "Stiemerling, Wilfried"]
[Result "1/2-1/2"]
[WhiteElo "1859"]
[BlackElo "2158"]
[PlyCount "153"]
[EventDate "2013.??.??"]
[WhiteTeam "SC Kreuzberg e.V."]
[BlackTeam "BSG Pneumant Fürstenwalde e.V."]

1. e4 e6 2. d4 d5 3. Nd2 Nf6 4. e5 Nfd7 5. f4 c5 6. c3 Nc6 7. Ndf3 Qb6 8. g3 a5
9. Kf2 Be7 10. Kg2 O-O 11. Bd3 cxd4 12. cxd4 f5 13. Ne2 h6 14. Bc2 Rf7 15. a3
Nf8 16. Rb1 Bd7 17. Be3 Na7 18. Nc3 Rc8 19. Qd2 Bb5 20. Nxb5 Qxb5 21. Rhg1 Nc6
22. Kh1 h5 23. Rg2 g6 24. h3 Rh7 25. Bd3 Qb6 26. Rbg1 Kf7 27. Rh2 Ke8 28. a4
Qb4 29. Bb5 Qxd2 30. Bxd2 Bd8 31. g4 hxg4 32. hxg4 Rxh2+ 33. Kxh2 Kf7 34. Kg3
Na7 35. Bd3 b6 36. Rh1 Be7 37. Ng5+ Kg7 38. gxf5 Bxg5 39. fxg5 gxf5 40. Rc1
Rxc1 41. Bxc1 Ng6 42. Bd2 Nc6 43. Bc3 Nge7 44. Bb5 Kg6 45. Kh4 Kh7 46. Kg3 Kg7
47. Kh3 Kf7 48. Kg3 Na7 49. Bd7 Ng6 50. b4 Ke7 51. bxa5 Kxd7 52. axb6 Nc6 53.
a5 Nb8 54. Bb4 Kc6 55. Bd6 Nd7 56. Kf2 Nxb6 57. axb6 Kxb6 58. Ke3 Kb5 59. Kd3
Kc6 60. Ba3 Kd7 61. Ke3 Ke8 62. Kf3 Kf7 63. Kg3 Ke8 64. Kf3 Kd7 65. Ke3 Kc6 66.
Kd2 Kb5 67. Kc3 Ka4 68. Bc5 f4 69. Kd3 Kb3 70. Bb6 Nh4 71. Ba5 Kb2 72. Be1 Ng6
73. Bd2 Kb3 74. Bc1 Kb4 75. Bd2+ Kb3 76. Bc1 Kb4 77. Bd2+ 1/2-1/2